Biggest European Cities by Letter - L - Statistics

General Stats
  • This quiz has been taken 67 times
  • The average score is 8 of 14
Answer Stats
Population City % Correct
14.8m London
98%
2.48m Lisbon
88%
1.98m Lyon
85%
1.88m Liverpool
73%
2.18m Leeds
67%
1.29m Lille
62%
748k Leipzig
58%
712k Leicester
57%
829k Łódź
55%
725k Lviv
55%
404k Luhansk
27%
653k Liège
22%
431k Lausanne
8%
556k Lipetsk
8%
No matching quizzes found
Score Distribution
Percent of People with Each Score
Percentile by Number Answered
Your Score History
You have not taken this quiz